How are you peeling?: (Record no. 2284)

MARC details
000 -LEADER
fixed length control field 00869nam a22002657a 4500
005 - DATE AND TIME OF LATEST TRANSACTION
control field 20231115104205.0
020 ## - INTERNATIONAL STANDARD BOOK NUMBER
International Standard Book Number 9780439598415
040 ## - CATALOGING SOURCE
Original cataloging agency FISKH
Language of cataloging eng
Transcribing agency FISKH
Modifying agency FISKH
050 ## - LIBRARY OF CONGRESS CALL NUMBER
Classification number TX652.F699
082 ## - DEWEY DECIMAL CLASSIFICATION NUMBER
Classification number 152.4
100 ## - MAIN ENTRY--PERSONAL NAME
Personal name Freymann, Saxton
245 ## - TITLE STATEMENT
Title How are you peeling?:
Remainder of title Foods with moods /
Statement of responsibility, etc. SAXTON FREYMANN AND JOOST ELFFERS
250 ## - EDITION STATEMENT
Edition statement First Bookshelf edition, June 2004
260 ## - PUBLICATION, DISTRIBUTION, ETC.
Place of publication, distribution, etc. New York :
Name of publisher, distributor, etc. Scholastic,
Date of publication, distribution, etc. 1999
300 ## - PHYSICAL DESCRIPTION
Extent 39 unnumbered pages :
Other physical details illustrations
Dimensions 25 cm
505 ## - FORMATTED CONTENTS NOTE
Formatted contents note F
520 ## - SUMMARY, ETC.
Summary, etc. Brief text and photographs of carvings made from vegetables introduce the world of emotions by presenting leading questions such as "Are you feeling angry?"
521 ## - TARGET AUDIENCE NOTE
Target audience note 370
Source Lexile
521 ## - TARGET AUDIENCE NOTE
Target audience note F
Source Raz-Plus
650 ## - SUBJECT ADDED ENTRY--TOPICAL TERM
Topical term or geographic name entry element Fruit
650 ## - SUBJECT ADDED ENTRY--TOPICAL TERM
Topical term or geographic name entry element Vegetable
700 ## - ADDED ENTRY--PERSONAL NAME
Personal name Elffers, Joost
Relator term Coauthor
942 ## - ADDED ENTRY ELEMENTS (KOHA)
Source of classification or shelving scheme Dewey Decimal Classification
Koha item type Books
Suppress in OPAC No
999 ## -
-- 2284
-- 2284
Holdings
Withdrawn status Lost status Source of classification or shelving scheme Damaged status Not for loan Collection Home library Current library Shelving location Date acquired Total Checkouts Full call number Barcode Date last seen Date last checked out Price effective from Koha item type
    Dewey Decimal Classification     Juvenile Fiction Footprints International School Library Network Toul Kork Campus Footprints International School Library Network Toul Kork Campus TK Primary Library Room(4th Floor), Bookcase 7, Shelves 57-60, Dark Green Books 11/15/2023 3 FRE 152.4 TX652.F699 FISTK02639 06/04/2025 04/02/2025 11/15/2023 Books